LEADER 01601nam a2200313 u 4500 001 000000059002 003 CaOOAMICUS 005 20070226120744.0 008 010620s1988 it u000 u ita u 020 $a8802042772 035 $a10893097 040 $aPUL(R)$bita 110 1 $aItalia.$0(OLS)http://pul/name/1188 240 10$aLeggi, ecc.$9(Italia).$0(OLS)http://pul/title/1565 245 13$aLa legislazione vigente :$brepertorio analitico alfabetico delle norme legislative in vigore con richiami di coordinamento e riferimenti al periodico "Lex" : aggiornato al 1988 /$ca cura di Sergio Vinciguerra. 246 38$aLegislazione vigente 1988 260 $aTorino :$bUTET,$cc1988. 300 $a2 v. ;$c18 cm 505 0 $av.1. Le leggi dello Stato. -- v.2. Le leggi delle Regioni. 650 4$aRegioni$xDiritto e legislazione.$0(OLS)http://pul/subject/17878 700 1 $aVinciguerra, Sergio.$0(OLS)http://pul/name/37058 850 $aPUL 852 $aPUL$W1$xDP2 Diritto e Scienze Sociali 2$y100$mUtrCiv E 16.2$j77005$nBK-PRI$qStampati Altre Collocazioni$B77005$CPULBib$Z2$F77005 $H62007 $82 941 1 $a10 961 $aINV: 62007 996 $6020$a8802042772$9(OLS)http://pul/number/74987 996 $6245$aLa legislazione vigente :$brepertorio analitico alfabetico delle norme legislative in vigore con richiami di coordinamento e riferimenti al periodico "Lex" : aggiornato al 1988$9(OLS)http://pul/title/79031 996 $6246$aLegislazione vigente 1988$9(OLS)http://pul/title/79032 996 $6260$aTorino :$bUTET$9(OLS)http://pul/publisher/48088 LEADER 01309nam a2200253 u 4500 001 000000086157 003 CaOOAMICUS 005 20070226124251.0 008 050926s1945 it cf u000 u ita u 035 $a11060007 040 $aPUL(R)$bita 100 1 $aBernini, Ferruccio.$0(OLS)http://pul/name/56392 245 10$aCarducci, Pascoli e D'Annunzio :$bAntologia poetica per uso delle scuole medie /$ca cura e con note di Ferruccio Bernini e Lorenzo Bianchi. 260 $aBologna :$bZanichelli,$c1945. 300 $a447 p., [2] c. di tav. :$britr. ;$c22 cm 600 14$aCarducci, Giosuč,$d1835-1907$xCritica e interpretazione.$0(OLS)http://pul/subject/3522 600 14$aPascoli, Giovanni,$d1855-1912$xCritica e interpretazione.$0(OLS)http://pul/subject/23137 600 14$aD'Annunzio, Gabriele,$d1863-1938$xCritica e interpretazione.$0(OLS)http://pul/subject/28808 700 1 $aBianchi, Lorenzo.$0(OLS)http://pul/name/51744 850 $aPUL 852 $aPUL$W1$xDP1 Fondo Cecchetti$y53$m295 D 16$j109399$nBK-PRI$b $qFondi$B109399$CPULBib$Z2$F109399 $HPUL3972 $81 941 1 $a1 996 $6245$aCarducci, Pascoli e D'Annunzio :$bAntologia poetica per uso delle scuole medie$9(OLS)http://pul/title/111701 996 $6260$aBologna :$bZanichelli$9(OLS)http://pul/publisher/48255